Antimicrobial Activity of Piper Nigrum and Cinnamomum Verum in PVA-Starch Hydrogel Matrix Membrane / (Record no. 534628)
[ view plain ]
| 000 -LEADER | |
|---|---|
| fixed length control field | 00540nam a22001577a 4500 |
| 020 ## - INTERNATIONAL STANDARD BOOK NUMBER | |
| Qualifying information | Hard Cover. |
| 082 ## - DEWEY DECIMAL CLASSIFICATION NUMBER | |
| Classification number | 660 |
| 100 ## - MAIN ENTRY--PERSONAL NAME | |
| Personal name | Iqbal.Hafsa |
| 245 ## - TITLE STATEMENT | |
| Title | Antimicrobial Activity of Piper Nigrum and Cinnamomum Verum in PVA-Starch Hydrogel Matrix Membrane / |
| Statement of responsibility, etc. | Hafsa Iqbal. |
| 260 ## - PUBLICATION, DISTRIBUTION, ETC. | |
| Place of publication, distribution, etc. | Islamabad : |
| Name of publisher, distributor, etc. | SCME - NUST, |
| Date of publication, distribution, etc. | 2017. |
| 300 ## - PHYSICAL DESCRIPTION | |
| Extent | ix, 44 p. ill. : |
| Dimensions | 30cm. |
| 942 ## - ADDED ENTRY ELEMENTS (KOHA) | |
| Source of classification or shelving scheme | |
| Koha item type | Thesis |
| 650 ## - SUBJECT ADDED ENTRY--TOPICAL TERM | |
| Topical term or geographic name entry element | Chemical Engineering - MS Thesis. |
| 700 ## - ADDED ENTRY--PERSONAL NAME | |
| Personal name | Dr. Sarah Farrukh. |
| 650 ## - SUBJECT ADDED ENTRY--TOPICAL TERM | |
| -- | 16130 |
| 700 ## - ADDED ENTRY--PERSONAL NAME | |
| -- | 16145 |
| Withdrawn status | Lost status | Source of classification or shelving scheme | Damaged status | Not for loan | Permanent Location | Current Location | Shelving location | Date acquired | Total Checkouts | Full call number | Barcode | Date last seen | Price effective from | Koha item type |
|---|---|---|---|---|---|---|---|---|---|---|---|---|---|---|
| Central Library (CL) | Central Library (CL) | Thesis | 03/10/2020 | 660 | CL-T-5355 | 03/10/2020 | 03/10/2020 | Thesis |
